[Event "Klub Kölner SF 1 - SG Porz 2"]
[Site "Oberliga NRW 2015/2016"]
[Date "2015.09.27"]
[Round "1.2"]
[White "Morawietz, Dieter"]
[Black "Korotkjevich, Stanislav"]
[Result "1/2-1/2"]
[WhiteElo "2365"]
[BlackElo "2333"]
[Annotator "Hausrath,Daniel"]
[PlyCount "248"]
[EventDate "2015.??.??"]
[WhiteTeam "Klub Kölner SF 1"]
[BlackTeam "SG Porz 2"]

1. Nf3 Nf6 2. b4 g6 3. Bb2 Bg7 4. c4 O-O 5. e3 d6 6. Be2 a5 7. b5 e5 8. O-O e4
9. Ne1 c6 10. Nc3 d5 11. Na4 dxc4 12. Bxc4 cxb5 13. Bxb5 Bd7 14. Bxd7 Nbxd7 15.
Rb1 Rb8 $11 16. Ba3 Re8 17. Bd6 Rc8 18. Rxb7 Ne5 19. Bxe5 Rxe5 20. d4 exd3 21.
Nxd3 Re7 22. Rxe7 Qxe7 23. Qb3 h5 24. Rd1 Ne4 25. Nb6 Rd8 26. Nd5 Qg5 27. N3f4
Kh7 28. f3 Nc5 29. Qb5 Ne6 30. Qxa5 Rd6 31. Nxe6 Rxe6 32. Qa7 Kg8 33. Qb8+ Bf8
34. Qc8 h4 35. f4 Qh5 36. Rd2 Qh8 37. Qc2 h3 38. a4 hxg2 39. Rxg2 Qa1+ 40. Kf2
Ra6 41. Ne7+ Kg7 42. Nf5+ Kh7 43. Qc4 Ra7 44. Nd4 Bg7 45. Nf3 Bf6 46. e4 Qxa4
47. Qxa4 Rxa4 48. e5 Rxf4 49. exf6 Rxf6 50. Rg4 Ra6 51. Rb4 f6 52. Rb7+ Kh6 53.
Nd4 g5 54. Kf3 Kg6 55. Ke4 Ra2 56. h3 Rh2 57. Rb3 Ra2 58. Nc6 Ra4+ 59. Kf3 Kh5
60. Nb4 Ra5 61. Nd3 Ra4 62. Nf2 f5 63. Rb5 Ra3+ 64. Kg2 Kg6 65. Rb6+ Kh5 66.
Rf6 Ra5 67. Rf8 Kg6 68. Re8 Ra3 69. Nh1 Ra2+ 70. Kg1 Ra1+ 71. Kg2 Ra2+ 72. Nf2
Ra3 73. Rd8 Ra2 74. Kg3 Ra3+ 75. Rd3 Ra4 76. Rb3 Kh5 77. Nd3 Re4 78. Nc5 Re7
79. Rd3 g4 80. hxg4+ fxg4 81. Rd5+ Kg6 82. Kxg4 Re1 83. Rd6+ Kf7 84. Kf5 Rf1+
85. Ke5 Re1+ 86. Ne4 Ra1 87. Rc6 Ra5+ 88. Nc5 Ra1 89. Rf6+ Ke7 90. Rh6 Re1+ 91.
Ne4 Kd7 92. Rd6+ Kc7 93. Rd3 Kc6 94. Rc3+ Kd7 95. Rc2 Re3 96. Kd4 Re1 97. Kd5
Rd1+ 98. Ke5 Re1 99. Rh2 Kc6 100. Rh8 Rd1 101. Rh6+ Kc7 102. Nc3 Rg1 103. Nd5+
Kd7 104. Rd6+ Kc8 105. Rc6+ Kb7 106. Rc7+ Ka6 107. Kd6 Re1 108. Rc4 Kb5 109.
Rb4+ Ka5 110. Rb8 Ka4 111. Kc5 Rc1+ 112. Kd4 Ka5 113. Ne3 Ka6 114. Nc4 Rh1 115.
Kc5 Rh5+ 116. Kc6 Rh6+ 117. Nd6 Ka5 118. Rb1 Ka4 119. Kd5 Rh5+ 120. Kd4 Rh4+
121. Ne4 Ka5 122. Kd5 Rh5+ 123. Kc6 Rh6+ 124. Nd6 Ka4 1/2-1/2

[Event "Klub Kölner SF 1 - SG Porz 2"]
[Site "Oberliga NRW 2015/2016"]
[Date "2015.09.27"]
[Round "1.3"]
[White "Pauly, Carlo"]
[Black "Wacker, Peter"]
[Result "1/2-1/2"]
[WhiteElo "2239"]
[BlackElo "2266"]
[PlyCount "42"]
[EventDate "2015.??.??"]
[WhiteTeam "SG Porz 2"]
[BlackTeam "Klub Kölner SF 1"]

1. d4 d5 2. c4 e6 3. Nc3 c5 4. cxd5 exd5 5. Nf3 Nc6 6. dxc5 d4 7. Na4 Bxc5 8.
Nxc5 Qa5+ 9. Bd2 Qxc5 10. Rc1 Qd6 11. Bc3 Nge7 12. Nxd4 Qg6 13. g3 O-O 14. Bg2
Rd8 15. Qa4 Nxd4 16. Bxd4 Bd7 17. Qa3 Bc6 18. Bxc6 Nxc6 19. Be3 Qg4 20. h3 Qg6
21. O-O Qh5 1/2-1/2

[Event "Klub Kölner SF 1 - SG Porz 2"]
[Site "Oberliga NRW 2015/2016"]
[Date "2015.09.27"]
[Round "1.4"]
[White "Zuse, Peter"]
[Black "Xu, Xianliang"]
[Result "1/2-1/2"]
[WhiteElo "2196"]
[BlackElo "2228"]
[PlyCount "64"]
[EventDate "2015.??.??"]
[WhiteTeam "Klub Kölner SF 1"]
[BlackTeam "SG Porz 2"]

1. e4 c5 2. Nf3 d6 3. d4 cxd4 4. Nxd4 Nf6 5. Nc3 g6 6. Be3 Bg7 7. f3 O-O 8. Qd2
Nc6 9. O-O-O d5 10. Kb1 Nxd4 11. e5 Nf5 12. exf6 Bxf6 13. Nxd5 Qxd5 14. Qxd5
Nxe3 15. Qd2 Nxd1 16. Qxd1 Be6 17. Bd3 Rfd8 18. Qe2 Rd4 19. Rc1 Rad8 20. g4 a6
21. h3 b5 22. Qe3 R4d6 23. f4 Bd4 24. Qe1 Bf6 25. f5 Bd5 26. h4 g5 27. Qe3 h6
28. h5 R8d7 29. a3 Bd4 30. Qe2 Bf6 31. Qe3 Bd4 32. Qe2 Bf6 1/2-1/2

[Event "Klub Kölner SF 1 - SG Porz 2"]
[Site "Oberliga NRW 2015/2016"]
[Date "2015.09.27"]
[Round "1.5"]
[White "Gallinnis, Norbert"]
[Black "Helbig, Mark"]
[Result "0-1"]
[WhiteElo "2212"]
[BlackElo "2268"]
[PlyCount "67"]
[EventDate "2015.??.??"]
[WhiteTeam "SG Porz 2"]
[BlackTeam "Klub Kölner SF 1"]

1. e4 c6 2. d4 d5 3. f3 dxe4 4. fxe4 e5 5. Nf3 Bg4 6. c3 Nd7 7. Bc4 Bh5 8. O-O
Ngf6 9. Nbd2 Bd6 10. Bb3 Qe7 11. Qe1 O-O 12. Nh4 Bg6 13. Nxg6 hxg6 14. Qh4 Rae8
15. Rf3 exd4 16. Rh3 Nh5 17. cxd4 Qxh4 18. Rxh4 c5 19. e5 Bc7 20. Re4 cxd4 21.
g4 Nc5 22. gxh5 Nxe4 23. Nxe4 Rxe5 24. Ng3 Re1+ 25. Kf2 Bxg3+ 26. hxg3 Rfe8 27.
hxg6 R8e2+ 28. Kf3 d3 29. gxf7+ Kf8 30. Bc4 Rf1+ 31. Kg4 Re4+ 32. Bf4 Rxa1 33.
Bxd3 Rxf4+ 34. Kxf4 0-1

[Event "Klub Kölner SF 1 - SG Porz 2"]
[Site "Oberliga NRW 2015/2016"]
[Date "2015.09.27"]
[Round "1.6"]
[White "Ludwig, Peter"]
[Black "Wagenknecht, Uwe"]
[Result "1/2-1/2"]
[WhiteElo "2184"]
[BlackElo "2161"]
[Annotator "Hausrath,Daniel"]
[PlyCount "123"]
[EventDate "2015.??.??"]
[WhiteTeam "Klub Kölner SF 1"]
[BlackTeam "SG Porz 2"]

1. Nf3 c5 2. c4 Nc6 3. g3 g6 4. Bg2 Bg7 5. Nc3 d6 6. O-O Bd7 7. a3 Rb8 8. Rb1
Qa5 9. d3 Nf6 10. Bd2 O-O 11. h3 Qd8 12. b4 b6 13. Ne1 e6 14. Nc2 Ne8 15. e3
Nc7 16. Qe2 Ne7 17. d4 cxd4 18. Nxd4 e5 19. Nb3 Be6 20. Rfd1 Qd7 21. Kh2 d5 22.
Be1 d4 23. Ne4 Rfd8 24. exd4 exd4 25. Bc3 d3 26. Qb2 Bxc3 27. Qxc3 Ne8 28. Rd2
Rbc8 29. c5 Nf5 30. Rbd1 Qa4 31. Rxd3 Rxd3 32. Rxd3 Qxa3 33. Nf6+ Nxf6 34. Qxf6
Qxb4 35. cxb6 Qxb6 36. g4 Qc7+ 37. Kg1 Qe7 38. Qb2 Nh4 39. Nd4 Nxg2 40. Nxe6
Qxe6 41. Kxg2 Qe4+ 42. Rf3 Qd5 43. Kg3 a5 44. Rb3 Qd6+ 45. Kg2 Qc6+ 46. Kg3 Qc1
47. Qxc1 Rxc1 48. Rb8+ $11 Kg7 49. Ra8 Rc3+ 50. f3 Rc5 51. Ra6 h5 52. h4 hxg4
53. fxg4 Rc3+ 54. Kf4 Rc4+ 55. Kg3 Ra4 56. h5 gxh5 57. gxh5 f5 58. Kf3 Kh7 59.
Ke3 Re4+ 60. Kf3 Ra4 61. Ke3 Re4+ 62. Kf3 1/2-1/2

[Event "Klub Kölner SF 1 - SG Porz 2"]
[Site "Oberliga NRW 2015/2016"]
[Date "2015.09.27"]
[Round "1.7"]
[White "Liard, Thibaud"]
[Black "Bonnmann, Reinhard"]
[Result "1/2-1/2"]
[WhiteElo "2128"]
[BlackElo "2237"]
[PlyCount "105"]
[EventDate "2015.??.??"]
[WhiteTeam "SG Porz 2"]
[BlackTeam "Klub Kölner SF 1"]

1. d4 Nf6 2. c4 g6 3. Nc3 Bg7 4. e4 d6 5. Nf3 O-O 6. Be2 e5 7. O-O Nbd7 8. Be3
Ng4 9. Bg5 f6 10. Bc1 Nh6 11. b4 a5 12. bxa5 Rxa5 13. d5 Nf7 14. a4 f5 15. Nd2
Bh6 16. Ba3 Ra8 17. Bd3 Nc5 18. Bxc5 dxc5 19. Nb3 Qe7 20. a5 Ng5 21. exf5 gxf5
22. Qh5 Ra6 23. h4 Nf7 24. Bxf5 Bxf5 25. Qxf5 Qxh4 26. Qh3 Qxc4 27. Nc1 Ng5 28.
Qg3 Rg6 29. Ra4 Qa6 30. Rg4 Rf4 31. N1e2 Rxg4 32. Qxg4 Qd3 33. Kh1 Bf8 34. Rd1
Qa6 35. Qf5 Qxa5 36. f4 exf4 37. Nxf4 Rg7 38. Ne6 Nxe6 39. Qxe6+ Kh8 40. Rf1
Rg8 41. Ne4 Qa6 42. Rf7 Qa1+ 43. Kh2 Bg7 44. g3 Qe5 45. Nxc5 Qh5+ 46. Kg2 Be5
47. Rf3 Bd4 48. Ne4 Qe5 49. Rf7 Ra8 50. Nf6 Ra2+ 51. Kh1 Ra1+ 52. Kh2 Ra2+ 53.
Kh1 1/2-1/2

[Event "Klub Kölner SF 1 - SG Porz 2"]
[Site "Oberliga NRW 2015/2016"]
[Date "2015.09.27"]
[Round "1.8"]
[White "Meertens, Martin"]
[Black "Heedt, Thorsten"]
[Result "1/2-1/2"]
[WhiteElo "2101"]
[BlackElo "2094"]
[PlyCount "47"]
[EventDate "2015.??.??"]
[WhiteTeam "Klub Kölner SF 1"]
[BlackTeam "SG Porz 2"]

1. e4 g6 2. d4 Bg7 3. Nc3 d6 4. f4 a6 5. Nf3 Nd7 6. Be3 b5 7. Bd3 Bb7 8. a4 b4
9. Nb1 Ngf6 10. Nbd2 c5 11. Qe2 O-O 12. Bf2 Qc7 13. O-O d5 14. e5 c4 15. exf6
cxd3 16. cxd3 Bxf6 17. Rac1 Qa5 18. Ne5 Nxe5 19. dxe5 Bg7 20. b3 Rac8 21. Bd4
Rxc1 22. Rxc1 Rc8 23. Rxc8+ Bxc8 24. Qe3 1/2-1/2

[Event "DJK Aufwärts Aachen 2 - SK Münster 1"]
[Site "Oberliga NRW 2015/2016"]
[Date "2015.09.27"]
[Round "1.1"]
[White "Muschik, Benedikt"]
[Black "Braun, Christian"]
[Result "0-1"]
[WhiteElo "2273"]
[BlackElo "2412"]
[Annotator "Hausrath,Daniel"]
[PlyCount "92"]
[EventDate "2015.??.??"]
[WhiteTeam "SK Münster 1"]
[BlackTeam "DJK Aufwärts Aachen 2"]

1. d4 Nf6 2. Bf4 c5 3. d5 Qa5+ 4. Bd2 Qb6 5. Nc3 d6 6. e4 g6 7. a4 Bg7 8. Bb5+
Bd7 9. f4 Bxb5 10. axb5 Nbd7 11. Qe2 Qc7 12. Nf3 Nb6 13. O-O O-O 14. Ra3 e6 15.
dxe6 fxe6 16. Rfa1 Nh5 17. g3 d5 18. e5 Nc4 19. Rxa7 Rxa7 20. Rxa7 Nxb2 21. Ra1
Nc4 22. Ng5 Qe7 23. Rf1 Nxd2 24. Qxd2 Bh6 25. Nf3 Ng7 26. Nd1 $11 Nf5 27. Ne3
Ra8 28. g4 Nxe3 29. Qxe3 Ra4 30. g5 Bf8 31. h4 Qf7 32. Nh2 Qf5 33. Qd3 Rxf4 34.
Qxf5 Rxf5 35. Ng4 c4 36. Kg2 Rxf1 37. Kxf1 h6 38. Ke2 hxg5 39. hxg5 Kf7 40. Nf6
Bb4 41. Kf3 Bd2 42. Kg4 Ke7 43. Nh7 d4 44. Kf3 d3 45. cxd3 c3 46. Ke2 Bf4 0-1

[Event "DJK Aufwärts Aachen 2 - SK Münster 1"]
[Site "Oberliga NRW 2015/2016"]
[Date "2015.09.27"]
[Round "1.2"]
[White "Roeder, Matthias"]
[Black "Kuijf, Marinus"]
[Result "1-0"]
[WhiteElo "2351"]
[BlackElo "2339"]
[PlyCount "57"]
[EventDate "2015.??.??"]
[WhiteTeam "DJK Aufwärts Aachen 2"]
[BlackTeam "SK Münster 1"]

1. Nf3 d5 2. d4 c6 3. Bf4 Nf6 4. e3 Nh5 5. Be5 Nd7 6. c4 f6 7. Bg3 e6 8. Nc3 g6
9. Qc2 Be7 10. Be2 f5 11. Bf4 a6 12. h3 Nxf4 13. exf4 Bd6 14. g3 Nf6 15. Rd1
O-O 16. c5 Bc7 17. Kf1 Ne4 18. h4 b6 19. Nxe4 fxe4 20. Ne5 Bxe5 21. dxe5 a5 22.
f3 exf3 23. Bxf3 Rb8 24. Rh2 Bd7 25. Rc1 Rf7 26. Rd2 Kg7 27. Kg2 h6 28. h5 Rf5
29. hxg6 1-0

[Event "DJK Aufwärts Aachen 2 - SK Münster 1"]
[Site "Oberliga NRW 2015/2016"]
[Date "2015.09.27"]
[Round "1.4"]
[White "Buscher, Michael"]
[Black "Wolter, Kai"]
[Result "1/2-1/2"]
[WhiteElo "2373"]
[BlackElo "2249"]
[PlyCount "40"]
[EventDate "2015.??.??"]
[WhiteTeam "DJK Aufwärts Aachen 2"]
[BlackTeam "SK Münster 1"]

1. e4 c5 2. Nc3 Nc6 3. f4 g6 4. Nf3 Bg7 5. Bb5 Nd4 6. Bd3 d6 7. Nxd4 Bxd4 8.
Ne2 Bg7 9. c3 Nf6 10. Bc2 O-O 11. O-O c4 12. Ng3 b5 13. a4 b4 14. Qe2 a5 15.
cxb4 axb4 16. d3 b3 17. Bb1 cxd3 18. Bxd3 Bd7 19. Bb5 Bxb5 20. Qxb5 Qb8 1/2-1/2

[Event "DJK Aufwärts Aachen 2 - SK Münster 1"]
[Site "Oberliga NRW 2015/2016"]
[Date "2015.09.27"]
[Round "1.5"]
[White "Chilla, Jan Eric"]
[Black "Marcziter, Dmitrii"]
[Result "0-1"]
[WhiteElo "2209"]
[BlackElo "2226"]
[PlyCount "74"]
[EventDate "2015.??.??"]
[WhiteTeam "SK Münster 1"]
[BlackTeam "DJK Aufwärts Aachen 2"]

1. Nf3 Nf6 2. g3 d5 3. Bg2 c5 4. O-O Nc6 5. d3 g6 6. Nbd2 Bg7 7. e4 O-O 8. c3
e5 9. Re1 h6 10. exd5 Nxd5 11. Nc4 Re8 12. a4 Qc7 13. Nfd2 Be6 14. Ne4 b6 15.
Ned6 Red8 16. Nb5 Qd7 17. Qc2 Rab8 18. Be3 a6 19. Nba3 Nde7 20. Rad1 Bg4 21.
Rd2 b5 22. axb5 axb5 23. Bxc5 bxc4 24. Nxc4 f6 25. b4 Be6 26. Nd6 Nc8 27. Nxc8
Rdxc8 28. Rb1 Bd5 29. Bxd5+ Qxd5 30. c4 Qd7 31. b5 Nd4 32. Bxd4 Qxd4 33. Qb3
Kh7 34. b6 e4 35. Re1 Rxb6 36. Rxe4 Qxe4 37. Qxb6 Qe1+ 0-1

[Event "DJK Aufwärts Aachen 2 - SK Münster 1"]
[Site "Oberliga NRW 2015/2016"]
[Date "2015.09.27"]
[Round "1.6"]
[White "Van Dooren, Dirk"]
[Black "Kamp, Christoph"]
[Result "1/2-1/2"]
[WhiteElo "2270"]
[BlackElo "2172"]
[PlyCount "72"]
[EventDate "2015.??.??"]
[WhiteTeam "DJK Aufwärts Aachen 2"]
[BlackTeam "SK Münster 1"]

1. e4 e6 2. d3 d5 3. Nd2 Nf6 4. Ngf3 b6 5. g3 Bb7 6. Bg2 dxe4 7. Ng5 Nbd7 8.
Ndxe4 Nxe4 9. Nxe4 Nc5 10. Qe2 Nxe4 11. Bxe4 Bxe4 12. dxe4 Bc5 13. Bd2 O-O 14.
O-O-O Qe7 15. Bc3 Rfd8 16. f3 c6 17. Qa6 Rxd1+ 18. Rxd1 Rd8 19. Rxd8+ Qxd8 20.
b4 Be3+ 21. Kb2 Qd7 22. a4 b5 23. Kb3 h5 24. axb5 cxb5 25. Be5 Bb6 26. Qa1 f6
27. Bc3 e5 28. Qf1 a6 29. f4 Bd4 30. Bxd4 Qxd4 31. Qd3 Qa1 32. c3 Kh7 33. h3
Qc1 34. fxe5 fxe5 35. Qf3 Qb1+ 36. Ka3 Qa1+ 1/2-1/2

[Event "DJK Aufwärts Aachen 2 - SK Münster 1"]
[Site "Oberliga NRW 2015/2016"]
[Date "2015.09.27"]
[Round "1.7"]
[White "Rott, Georg"]
[Black "Juegel, Marcel"]
[Result "0-1"]
[WhiteElo "2130"]
[BlackElo "2169"]
[Annotator "Hausrath,Daniel"]
[PlyCount "100"]
[EventDate "2015.??.??"]
[WhiteTeam "SK Münster 1"]
[BlackTeam "DJK Aufwärts Aachen 2"]

1. e4 e6 2. d4 b6 3. Nc3 Bb7 4. Bd3 Nf6 5. Nge2 d5 6. e5 Ne4 7. Nb1 h6 8. h4
Be7 9. g3 c5 10. c3 cxd4 11. cxd4 Bb4+ 12. Kf1 Be7 13. f3 Nxg3+ 14. Nxg3 Bxh4
15. Nh5 g6 16. Nf4 Be7 17. Nc3 g5 18. Nh5 Nc6 19. Be3 f6 20. Bg6+ Kd7 21. exf6
Bxf6 22. Nxf6+ Qxf6 23. Bh5 Rag8 24. Ke1 Kc8 25. Rc1 Kb8 26. Qd2 Rd8 27. Qh2+
Ka8 28. Nb5 a6 29. Nd6 Rh7 30. Nxb7 Kxb7 $11 31. Qc2 Rc7 32. Qg6 Qf8 33. a3 e5
34. dxe5 d4 35. Bf2 Qf4 36. Rc4 Nxe5 37. Rxc7+ Kxc7 38. Qc2+ Kb8 39. Qd1 Rc8
40. Qxd4 Qc1+ 41. Qd1 Nd3+ 42. Ke2 Nf4+ 43. Ke1 Ng2+ 44. Ke2 Rc2+ 45. Kd3 Nf4+
46. Ke4 Re2+ 47. Qxe2 Qc6+ 48. Kf5 Nxe2 49. Re1 Qc2+ 50. Kg4 Qc8# 0-1

[Event "DJK Aufwärts Aachen 2 - SK Münster 1"]
[Site "Oberliga NRW 2015/2016"]
[Date "2015.09.27"]
[Round "1.8"]
[White "Tochtenhagen, Wolfgang"]
[Black "Neuer, Thomas"]
[Result "1/2-1/2"]
[WhiteElo "2080"]
[BlackElo "2060"]
[PlyCount "40"]
[EventDate "2015.??.??"]
[WhiteTeam "DJK Aufwärts Aachen 2"]
[BlackTeam "SK Münster 1"]

1. e4 e6 2. d4 d5 3. e5 c5 4. c3 Nc6 5. Nf3 Bd7 6. Bd3 Rc8 7. dxc5 Bxc5 8. b4
Bb6 9. O-O Nge7 10. Bf4 Ng6 11. Bg3 O-O 12. Nbd2 f5 13. exf6 Qxf6 14. Qb3 Nce5
15. Bxg6 Nxg6 16. c4 dxc4 17. Nxc4 Bc7 18. b5 Nf4 19. Rad1 Ne2+ 20. Kh1 Nxg3+
1/2-1/2

[Event "SC Rochade Emsdetten 1 - SK Königssprin"]
[Site "NRW-Klasse, Gruppe 1 2015/201"]
[Date "2015.09.27"]
[Round "1.1"]
[White "Scheider, Julian"]
[Black "Kabatianski, Alexander"]
[Result "1-0"]
[WhiteElo "2291"]
[BlackElo "2378"]
[Annotator "Hausrath,Daniel"]
[PlyCount "119"]
[EventDate "2015.??.??"]
[WhiteTeam "SK Königsspringer Iserlohn 1"]
[BlackTeam "SC Rochade Emsdetten 1"]

1. e4 c5 2. Nf3 e6 3. d4 cxd4 4. Nxd4 Nc6 5. Nc3 Qc7 6. Be3 a6 7. Qd2 Nf6 8.
O-O-O Bb4 9. f3 O-O 10. g4 Ne5 11. g5 Nh5 12. f4 Bxc3 13. Qxc3 Qxc3 14. bxc3
Ng4 15. Kd2 d6 16. h3 Nxe3 17. Kxe3 e5 18. Ne2 exf4+ 19. Nxf4 Nxf4 20. Kxf4 Be6
21. Rxd6 Rfc8 22. Rb6 Rxc3 23. Bd3 Ra3 24. Rxb7 Rxa2 25. h4 g6 26. h5 Ra5 $11
27. h6 Rc5 28. Rhb1 a5 29. Ke3 Rcc8 30. Kd4 a4 31. R7b6 a3 32. Ra1 a2 33. Rb4
Ra5 34. Bc4 Rd8+ 35. Ke3 Bxc4 36. Rxc4 Ra3+ 37. Kf4 Rb8 38. Rd4 Kf8 39. Rdd1
Rb2 40. c4 Rc3 41. Rd8+ Ke7 42. Ra8 Rcc2 43. Ke5 Rxc4 $11 44. Ra7+ Kf8 45.
R1xa2 Rb5+ 46. Kf4 Rf5+ 47. Ke3 Rxg5 48. Ra8+ Ke7 49. R2a7+ Kf6 50. Ra6+ Ke7
51. R8a7+ Ke8 52. Rb7 Rgc5 53. Ra8+ Rc8 54. Raa7 f5 55. Kf4 Rxe4+ 56. Kg5 Rg4+
57. Kf6 Rgc4 58. Re7+ Kf8 59. Rf7+ Ke8 60. Rae7+ 1-0

[Event "SC Rochade Emsdetten 1 - SK Königssprin"]
[Site "NRW-Klasse, Gruppe 1 2015/201"]
[Date "2015.09.27"]
[Round "1.3"]
[White "Franke, Thomas"]
[Black "Paalman, Henk-Jan"]
[Result "1/2-1/2"]
[WhiteElo "2074"]
[BlackElo "2128"]
[PlyCount "33"]
[EventDate "2015.??.??"]
[WhiteTeam "SK Königsspringer Iserlohn 1"]
[BlackTeam "SC Rochade Emsdetten 1"]

1. d4 Nf6 2. c4 e6 3. Nf3 d5 4. g3 Be7 5. Bg2 O-O 6. O-O dxc4 7. Qc2 b5 8. a4
b4 9. Rd1 Bb7 10. Bg5 Nbd7 11. Nbd2 c3 12. bxc3 bxc3 13. Bxf6 Bxf6 14. Nb1 c5
15. Nxc3 cxd4 16. Nxd4 Bxg2 17. Kxg2 1/2-1/2

[Event "SC Rochade Emsdetten 1 - SK Königssprin"]
[Site "NRW-Klasse, Gruppe 1 2015/201"]
[Date "2015.09.27"]
[Round "1.4"]
[White "Mueller, Achim"]
[Black "Kind, Bertram"]
[Result "1/2-1/2"]
[WhiteElo "2077"]
[BlackElo "2170"]
[PlyCount "128"]
[EventDate "2015.??.??"]
[WhiteTeam "SC Rochade Emsdetten 1"]
[BlackTeam "SK Königsspringer Iserlohn 1"]

1. e4 c5 2. Nf3 Nc6 3. d4 cxd4 4. Nxd4 Nf6 5. Nc3 e6 6. Ndb5 Bb4 7. a3 Bxc3+ 8.
Nxc3 d5 9. exd5 exd5 10. Bd3 O-O 11. O-O d4 12. Ne2 Bg4 13. Bg5 Re8 14. Re1 Qd6
15. Qd2 Bxe2 16. Bxe2 Ne4 17. Bf4 Qf6 18. Qc1 h6 19. f3 Nd6 20. Bxd6 Qxd6 21.
Bd3 Re5 22. Rxe5 Qxe5 23. Qe1 Re8 24. Qxe5 Rxe5 25. Rd1 Re8 26. f4 Rd8 27. Kf2
Kf8 28. Re1 g6 29. g4 Ne7 30. Kf3 Nd5 31. Re4 Nf6 32. Re5 b6 33. g5 hxg5 34.
fxg5 Nd5 35. Re4 Nc7 36. Rh4 Rd5 37. Rh8+ Ke7 38. h4 Re5 39. Rh7 Ke6 40. Bxg6
Re3+ 41. Kf2 fxg6 42. Rxc7 Rh3 43. Rxa7 Rxh4 44. Rb7 Rh2+ 45. Kf3 Rxc2 46.
Rxb6+ Kd5 47. b3 Rc3+ 48. Kf4 Re3 49. Rb8 Re4+ 50. Kf3 Re3+ 51. Kf2 Rc3 52. a4
Ke4 53. a5 Rc2+ 54. Ke1 Ra2 55. b4 Kd3 56. Rb6 Kc3 57. Rxg6 d3 58. Rd6 Rg2 59.
a6 Rxg5 60. a7 Rg1+ 61. Kf2 Ra1 62. Rd7 Kxb4 63. Ke3 Kb5 64. Kxd3 Kb6 1/2-1/2

[Event "SC Rochade Emsdetten 1 - SK Königssprin"]
[Site "NRW-Klasse, Gruppe 1 2015/201"]
[Date "2015.09.27"]
[Round "1.6"]
[White "Topp, Michael"]
[Black "Schwanbeck, Christoph"]
[Result "1-0"]
[WhiteElo "2026"]
[BlackElo "2076"]
[PlyCount "29"]
[EventDate "2015.??.??"]
[WhiteTeam "SC Rochade Emsdetten 1"]
[BlackTeam "SK Königsspringer Iserlohn 1"]

1. c4 d6 2. Nc3 g6 3. d4 Bg7 4. e4 f5 5. exf5 Bxf5 6. Bd3 Qd7 7. Nf3 Nf6 8. Bg5
c6 9. Qc2 Bxd3 10. Qxd3 Qf5 11. O-O-O h6 12. Bxf6 Bxf6 13. Ne4 Nd7 14. Rhe1 Bg7
15. Nxd6+ 1-0

[Event "SC Rochade Emsdetten 1 - SK Königssprin"]
[Site "NRW-Klasse, Gruppe 1 2015/201"]
[Date "2015.09.27"]
[Round "1.7"]
[White "Franz, Christian"]
[Black "Lemli, Thomas"]
[Result "1-0"]
[WhiteElo "2000"]
[BlackElo "1992"]
[Annotator "Hausrath,Daniel"]
[PlyCount "127"]
[EventDate "2015.??.??"]
[WhiteTeam "SK Königsspringer Iserlohn 1"]
[BlackTeam "SC Rochade Emsdetten 1"]

1. c4 c6 2. Nc3 d5 3. cxd5 cxd5 4. d4 Nf6 5. Nf3 Nc6 6. h3 Bf5 7. e3 e6 8. Bb5
Nd7 9. O-O Be7 10. Qa4 Qb6 11. Bd2 O-O 12. Rfc1 Rfc8 13. Nd1 a6 14. Bxc6 bxc6
15. b4 Qb7 16. a3 Bd3 17. Nb2 Be4 $11 18. Bc3 Bxf3 19. gxf3 Bd6 20. Nd3 Nb6 21.
Qc2 Qe7 22. Kf1 Qf6 23. Ke2 Qf5 24. Rh1 Nc4 25. Qd1 f6 26. Qg1 Kf7 27. Qg4 h5
28. Qxf5 exf5 29. Nb2 Nxb2 30. Bxb2 a5 31. Bc3 axb4 32. Bxb4 Bxb4 33. axb4 Rxa1
34. Rxa1 Rc7 35. Rc1 Ke6 36. f4 g5 37. fxg5 fxg5 38. Kf3 h4 39. Rg1 Kf6 40. Rc1
Ke6 41. b5 Kd7 42. b6 Rb7 43. Rg1 g4+ 44. hxg4 fxg4+ 45. Rxg4 Rxb6 46. Rxh4 Rb2
47. Rh2 Rc2 48. Kf4 Kd6 49. Rh6+ Kc7 50. f3 Rf2 51. Kg4 Re2 52. Re6 Kd7 53. Re5
Kd6 54. f4 Rg2+ 55. Kf5 Rh2 56. Kg6 Rg2+ 57. Kf7 Ra2 58. f5 Ra7+ 59. Kg6 Ra1
60. f6 Rg1+ 61. Rg5 Rf1 62. Kg7 Ke6 63. Re5+ Kd7 64. f7 1-0

[Event "SC Rochade Emsdetten 1 - SK Königssprin"]
[Site "NRW-Klasse, Gruppe 1 2015/201"]
[Date "2015.09.27"]
[Round "1.8"]
[White "Schelwokat, Peter"]
[Black "Glatzel, Jonas"]
[Result "0-1"]
[WhiteElo "1955"]
[BlackElo "2023"]
[PlyCount "80"]
[EventDate "2015.??.??"]
[WhiteTeam "SC Rochade Emsdetten 1"]
[BlackTeam "SK Königsspringer Iserlohn 1"]

1. e4 c5 2. Nc3 Nc6 3. g3 g6 4. Bg2 Bg7 5. d3 e6 6. Be3 b6 7. f4 Nge7 8. Nge2
O-O 9. O-O Bb7 10. Qd2 d5 11. d4 cxd4 12. Nxd4 Nxd4 13. Bxd4 dxe4 14. Rad1
Bxd4+ 15. Qxd4 Qxd4+ 16. Rxd4 Nf5 17. Rd7 Bc6 18. Rc7 Rfc8 19. Rxc6 Rxc6 20.
Bxe4 Rxc3 21. bxc3 Rc8 22. Rb1 Rxc3 23. Rb3 Rc4 24. Bd3 Ra4 25. a3 Nd4 26. Rc3
Ra5 27. Kf2 Nb5 28. Bxb5 Rxb5 29. Ke3 Kf8 30. Rc8+ Kg7 31. g4 Ra5 32. Rc3 Ra4
33. Kf3 h6 34. h4 b5 35. Ke3 a6 36. Kf3 g5 37. fxg5 hxg5 38. h5 Rf4+ 39. Kg3
Rc4 40. Re3 Rxc2 0-1

[Event "LSV Turm Lippstadt 1 - SK Werther 1"]
[Site "NRW-Klasse, Gruppe 1 2015/201"]
[Date "2015.09.27"]
[Round "1.1"]
[White "Suchland, Marko"]
[Black "Wagner, Alexej"]
[Result "0-1"]
[WhiteElo "2152"]
[BlackElo "2229"]
[Annotator "Hausrath,Daniel"]
[PlyCount "120"]
[EventDate "2015.??.??"]
[WhiteTeam "SK Werther 1"]
[BlackTeam "LSV Turm Lippstadt 1"]

1. d4 d5 2. Bf4 Nf6 3. e3 c5 4. Nf3 Nc6 5. c3 Qb6 6. Qb3 c4 7. Qc2 Bf5 8. Qc1
h6 9. Be2 e6 10. h3 Be7 11. O-O O-O 12. Nbd2 Rfc8 13. g4 Bg6 14. Kh2 Qd8 15.
Rg1 Ne4 16. Nxe4 Bxe4 17. Nd2 Bh7 18. e4 dxe4 19. Qf1 b5 20. Qg2 Bd6 21. Qg3
Bxf4 22. Qxf4 Qc7 23. Qxc7 Rxc7 24. a4 b4 25. Nxc4 bxc3 26. bxc3 Ne7 27. Ra3
Nd5 28. Rc1 Rb8 29. a5 g5 30. Bf1 Kf8 31. Ne3 Nf4 32. Kg1 Rb2 33. Nc4 $11 Rb8
34. Nd2 Rcb7 35. a6 Rb2 36. Nc4 Rb1 37. Ra1 Rxa1 38. Rxa1 Rb3 39. Ra5 Rxc3 40.
Rb5 Rc1 41. Rb8+ Kg7 42. Rb7 Nxh3+ 43. Kg2 Nf4+ 44. Kg1 e3 45. Nxe3 Bd3 46.
Rxa7 Nd5 47. Rd7 Nxe3 48. fxe3 Bxa6 49. Rc7 Rxf1+ 50. Kg2 Rb1 51. Kf3 Bb7+ 52.
Kf2 Rb2+ 53. Kg3 Bd5 54. Ra7 Kg6 55. Rc7 h5 56. gxh5+ Kxh5 57. Kh3 g4+ 58. Kg3
Kg5 59. e4 Bxe4 60. Rc5+ f5 0-1

[Event "LSV Turm Lippstadt 1 - SK Werther 1"]
[Site "NRW-Klasse, Gruppe 1 2015/201"]
[Date "2015.09.27"]
[Round "1.2"]
[White "Fecke, Andreas"]
[Black "Haskenhoff, Jan"]
[Result "0-1"]
[WhiteElo "2102"]
[BlackElo "2096"]
[PlyCount "64"]
[EventDate "2015.??.??"]
[WhiteTeam "LSV Turm Lippstadt 1"]
[BlackTeam "SK Werther 1"]

1. e4 c5 2. Nf3 d6 3. Be2 Nf6 4. d3 g6 5. O-O Bg7 6. c3 O-O 7. a3 Nc6 8. Nbd2
Bg4 9. Re1 b5 10. b4 Nd7 11. Bb2 Nb6 12. Rc1 a5 13. d4 axb4 14. axb4 c4 15. Rc2
Ra2 16. Nf1 Qa8 17. Bc1 Ra1 18. d5 Bxf3 19. Bxf3 Ne5 20. Be2 Qa7 21. Qd2 f5 22.
exf5 Rxf5 23. Ng3 Rf8 24. Rd1 Kh8 25. Qe3 Qb7 26. f4 Bh6 27. Qe4 Rxc1 28. fxe5
Rf4 29. Qe3 Rxd1+ 30. Bxd1 Rf1+ 31. Nxf1 Bxe3+ 32. Nxe3 Nxd5 0-1

[Event "LSV Turm Lippstadt 1 - SK Werther 1"]
[Site "NRW-Klasse, Gruppe 1 2015/201"]
[Date "2015.09.27"]
[Round "1.3"]
[White "Henkemeier, Markus"]
[Black "Meier, Jan"]
[Result "1/2-1/2"]
[WhiteElo "2040"]
[BlackElo "2041"]
[PlyCount "30"]
[EventDate "2015.??.??"]
[WhiteTeam "SK Werther 1"]
[BlackTeam "LSV Turm Lippstadt 1"]

1. d4 d5 2. Nf3 Nf6 3. Bf4 c5 4. c3 e6 5. e3 Bd6 6. Bb5+ Nc6 7. Ne5 Qc7 8. Qa4
Bd7 9. Nxd7 Nxd7 10. Bxd6 Qxd6 11. Nd2 O-O 12. Bxc6 bxc6 13. Qa3 Rfb8 14. O-O
Qf8 15. dxc5 Qxc5 1/2-1/2